Introduction To Database Management (Record no. 354360)

MARC details
000 -LEADER
fixed length control field 00378nam a2200145Ia 4500
008 - FIXED-LENGTH DATA ELEMENTS--GENERAL INFORMATION
fixed length control field 230719s9999 xx 000 0 und d
041 ## - LANGUAGE CODE
Language code of text/sound track or separate title eng
082 ## - DEWEY DECIMAL CLASSIFICATION NUMBER
Classification number 005.74
Item number JAI
100 ## - MAIN ENTRY--PERSONAL NAME
Personal name Jain M.
9 (RLIN) 108579
245 ## - TITLE STATEMENT
Title Introduction To Database Management
260 ## - PUBLICATION, DISTRIBUTION, ETC. (IMPRINT)
Date of publication, distribution, etc. 2002
Name of publisher, distributor, etc. BPB
300 ## - PHYSICAL DESCRIPTION
Extent 342
365 ## - TRADE PRICE
Currency code Rs.
Price amount 83.00
700 ## - ADDED ENTRY--PERSONAL NAME
Personal name Jain M.; Pillai V.; Singh S. & Jain S.
9 (RLIN) 203826
Holdings
Withdrawn status Lost status Damaged status Not for loan Home library Current library Shelving location Date acquired Vendor Cost, normal purchase price Total Checkouts Full call number Barcode Date last seen Date last checked out Cost, replacement price Bill Date Koha item type Original Barcode
        Cummins College of Engineering for Women Pune Cummins College of Engineering for Women Pune Donated Book 11/04/2016 Masurkar Enterprises 83.00 8 005.74 CCEP-DB-565 03/11/2025 03/11/2025 83.00 19/07/2023 Books D00565